It's time to save (Record no. 82937)

MARC details
000 -LEADER
fixed length control field 01147cab a22002055a 4500
001 - CONTROL NUMBER
control field L152322
008 - FIXED-LENGTH DATA ELEMENTS--GENERAL INFORMATION
fixed length control field 110215e20110115xxk 000 0 eng d
035 ## - SYSTEM CONTROL NUMBER
System control number (Sirsi) u152322
041 0# - LANGUAGE CODE
Language code of text/sound track or separate title eng
100 1# - MAIN ENTRY--PERSONAL NAME
Personal name Botten, Christopher
245 00 - TITLE STATEMENT
Title It's time to save
260 ## - PUBLICATION, DISTRIBUTION, ETC.
Date of publication, distribution, etc. 2011
490 ## - SERIES STATEMENT
Series statement Estates Gazette
Volume/sequential designation (1102) 15 January 2011, 66-68(3)
520 ## - SUMMARY, ETC.
Summary, etc. Green Management Toolkit produced by Better Buildings Partnership provides guidance to owners and occupiers on how to achieve reductions in energy, water and waste in their buildings. The toolkit includes information on how to set up a green building management group (GBMG), has templates to assist an owner or manager to explain what a GBMG is for and what it can achieve. It also has a template environmental action plan which can provide a starting point for parties to record the base level environmental performance of their building. With a Case Study of York House, British Land's London Head Office.
590 ## - LOCAL NOTE (RLIN)
Local note KA
651 #4 - SUBJECT ADDED ENTRY--GEOGRAPHIC NAME
Geographic name United Kingdom
Chronological subdivision
690 ## - LOCAL SUBJECT ADDED ENTRY--TOPICAL TERM (OCLC, RLIN)
Topical term or geographic name as entry element ENVIRONMENT AND LAND CONSULTANCY-ENERGY-ENERGY USE-ENERGY EFFICIENCY
700 1# - ADDED ENTRY--PERSONAL NAME
Personal name Bugden, Keith
942 ## - ADDED ENTRY ELEMENTS (KOHA)
Suppress in OPAC 0
Holdings
Withdrawn status Lost status Source of classification or shelving scheme Damaged status Not for loan Home library Current library Shelving location Date acquired Total Checkouts Full call number Barcode Date last seen Copy number Price effective from Koha item type
    Dewey Decimal Classification     London London Journal article 21/02/2011   L152322 152322-1001 06/08/2019 1 06/08/2019 Journal article